Životopis, s ktorým ulovíte prácu snov

Mladí startupisti a ich nápad založiť portál, prostredníctvom ktorého pomáhajú ľuďom písať životopis. Portál Kickresume, ktorý využívajú aj v Egypte a v Indii. Spolupráca s anglicky hovoriacimi jazykovými korektormi. Nastavenie cien.

Enregistré dans:
Détails bibliographiques
Auteur principal: Mekyňová, Júlia
Format: Chapitre de livre
Langue:slovaque
Sujets:
Tags: Ajouter un tag
Pas de tags, Soyez le premier à ajouter un tag!

MARC

LEADER 00000naa a2200000 4500
001 0208200
005 20231113083606.9
041 0 |a slo 
044 |a SK 
245 1 0 |a Životopis, s ktorým ulovíte prácu snov  |c Júlia Mekyňová 
520 |a Mladí startupisti a ich nápad založiť portál, prostredníctvom ktorého pomáhajú ľuďom písať životopis. Portál Kickresume, ktorý využívajú aj v Egypte a v Indii. Spolupráca s anglicky hovoriacimi jazykovými korektormi. Nastavenie cien. 
610 2 0 |a start-up 
610 2 0 |a podnikanie 
610 2 0 |a stránky webové 
610 2 0 |a životopisy 
100 1 |a Mekyňová, Júlia